000 00817nas a2200253 4500
001 BR2010000050
003 BR-BrBNA
005 20231205114040.0
007 ta
008 230509b bl.|||p| |||| 00| 00por d
040 _aBR-BrBNA
_bpor
_cBiblioteca Nacional de Agricultura
041 _a(Pt)
072 _aL72
100 1 _aGlaser, V.
100 1 _aBoni, A.P.
100 1 _aAlbuquerque, C.A.C.
245 1 _aOcorrência de Hepatozoon spp. (Apicomplexa,, Hepatozoide)em serpentes do gênero Bothrops de cativeiro
650 _aSERPENTE
650 _aPARASITISMO
650 _aCARRAPATO
773 0 _tArquivo Brasileiro de Medicina Veterinária e Zootecnia (Brazil)
_xISSN 0102-0935
_g(Oct 2008), v. 60(5) p. 1288-1290
_wBR2010000050
909 _a202311
_bLúcia
_c55
_dLúcia Elande
942 _2AGRIS
_n0
_cANA
999 _c206867
_d206867